00810nam a2200241 i 450000100060000000300090000600500170001500700030003200800410003502000180007608000120009408000170010624500850012325000120020826000550022030000300027565000310030565100430033670000280037985200220040799900170042995201220044614615ES-MaACL20230906150841.0t|990503s1999 sp a |||| | spa d a84-86702-45-3 a572.1/4 a903(460.182)00aAtapuerca b: un millón de años de historia / cJosé Cervera ... [et al.]. a2ª ed. aMadrid : bPlot : bEditorial Complutense, c1999. a238 p. : bil. ; c27 cm. 4aEvolución humana.912627 4aAtapuerca (Burgos, Yacimiento)91673831 aCervera, José.937630 aES-MaACLjL-21796 c14615d14615 00104070aATENEOMbATENEOMcDEPO2d2008-01-17eSCl0oL-21796p1014863r2023-02-23 00:00:00w2023-02-23yMONOGRAFIA